000 00484nam a2200169Ia 4500
008 231217s9999 xx 000 0 und d
020 _a8178811421
041 _aEnglish
082 _a657 SEE.6;1 R
100 _aSeethapathi, K. Padmavathi, C. Srinivas, N ed.
245 0 _aAccounting standards V.6 : investments
260 _c2002
_bIcfai
_aHyderabad
300 _avi, 162+A10
400 _aAccounting series
650 _aAccounting,standards,V.6,investments
942 _cAA
999 _c186893
_d186893